000 00724nam a2200193Ia 4500
003 OSt
005 20210728074708.0
008 210310s1953 ck fr 000 0 spa d
040 _aCO-JMCR
_cCO-JMCR
041 0 _aspa
082 0 4 _a332.60986 /
_bM274i
_223
100 1 _aManero, Alfonso,
_916308
_eautor
245 1 0 _a Informe presentado al Banco Internacional de Reconstrucción y Fomento, sobre el mercado colombiano de capitales :
_bjulio de 1952, Washington, D.C. /
_cpor Alfonso Manero
260 _aBogotá :
_bImprenta Nacional,
_c1953
300 _a 64, [6 páginas sin numerar] ;
_c24 cm.
650 1 4 _aFinanzas
_916310
_y1952
_zColombia
650 2 4 _aMercado colombiano de capitales
_y1952
_938811
942 _2ddc
_cBK
999 _c8092
_d8092